Statystyki dla TOP 30 POLSKI RAP / TRAP TYGODNIA (1.10-7.10)

Kliknij tutaj aby rozwiązać quiz!

Ogólne statystyki

  • Ten quiz został rozwiązany 41 razy
  • Średni wynik to 6 z 30

Statystyki odpowiedzi

#Odpowiedź% Poprawnych
91,22mlnKiss cam
55%
15974kPatoreakcja
50%
32,53mlnSzmata
47%
22,56mlnDISNEY
45%
12,66mlnPapuga
45%
42,49mlnDuże Oczy
37%
24685kSzklanki
32%
71,49mlnJungle Girl
26%
121,11mlnBlok
24%
141,02mlnBlask
21%
51,73mlnDrobna Zabawa
21%
29595kF A L A
21%
21745kKRÓL BALU
21%
25672kPOGO
21%
28608kFiołkowe Pole
18%
26631kIKEA (intro)
18%
81,46mlnKurtz
18%
131,06mlnNasza klasa ale to DRILL
18%
23688k2001
13%
61,52mlnBaila Ella
13%
22698kCOCO
13%
18908kSzyby
13%
30581kBELWEDER (omamale)
11%
19879kBig Mommy
11%
17908kCały hajs
11%
20846kMy Pariasi
5%
111,21mlnPatologiczny zew
5%
27625kPATOLOVE
5%
16974kZ Bratem Zarabiam Papier
5%
101,21mlnClick Clack Bang
3%

Rozkład punktacji

Percentyl według liczby udzielonych odpowiedzi

Procent ludzi z każdym wynikiem

Twoja historia wyników

Nie rozwiązałeś tego quizu